• 首页
  • 本馆介绍
  • 公告通知
  • 最新文献
  • 馆藏检索
  • 电子资源
  • 读者导购
  • 参考咨询
  • 我的图书馆
  • 登录
  • 详细信息显示
  • 放入我的书架
  • 预约/预借图书
  • 作者相关作品
  • 分类相关作品
  • 丛书相关作品
  • 出版社相关作品

书目信息

  • 表格格式
  • 工作单格式
  • 卡片格式
题名:
马克思的历史理论
    
 
作者: 肖 著 ;阮仁慧 译
分册:  
出版信息: 重庆   重庆出版社  1989.3
页数: 171页
开本: 20cm
丛书名: 国外马克思主义和社会主义研究丛书
单 册:
中图分类: A8
科图分类:
主题词: 马克思主义、列宁主义、毛泽东思想--学习 , 马克思主义、列宁主义、毛泽东思想--研究
电子资源:
ISBN: 7-5366-0894-2
000 00850nam2 2200265 45
001 0189015138
005 20050517170541.1
010    @a7-5366-0894-2@dCNY2.50
020    @aCN@b89015138
100    @a19910304d1989 m y0chiy0120 ea
101 1  @achi@ceng
102    @aCN@b510000
105    @ay z 000yy
200 10 @a马克思的历史理论@Ama ke si de li shi li lun@f(美)威廉姆·肖著@F(Mei)Wei Lian Mu·Xiao Zhu@g阮仁慧等译
210    @a重庆@c重庆出版社@d1989.3
215    @a171页@d20cm
225 2  @a国外马克思主义和社会主义研究丛书@f徐崇温主编
410  0 @120010@a国外马克思主义和社会主义研究丛书
606 0  @a马克思主义、列宁主义、毛泽东思想@x学习
606    @a马克思主义、列宁主义、毛泽东思想@x研究
690    @aA8@v3
701  0 @a肖@4著
702  0 @a阮仁慧@Aruan ren hui@4译
801  0 @aCN@bNLC@c19910304
905    @dA8@e128@f1@b220341
    
    马克思的历史理论/(美)威廉姆·肖著/阮仁慧等译.-重庆:重庆出版社,1989.3
    171页;20cm.-(国外马克思主义和社会主义研究丛书/徐崇温主编)
    
    
    ISBN 7-5366-0894-2:CNY2.50
    
●
相关链接 在E读中查询图书 在五车中查询图书 在当当中查询图书 在豆瓣中查询图书


正题名:马克思的历史理论     索取号:A8/128         预约/预借

序号 登录号 条形码 馆藏地/架位号 状态 备注
1 0220339   000958903   第一借阅区/ [索取号:A8/128] 在馆    
2 0220340   000958921   第一借阅区/ [索取号:A8/128] 在馆    
3 0220341   002047859   第一样本阅览室/ [索取号:A8/128] 在馆    
唐山师范学院图书馆 欢迎您!
大连网信软件有限公司© 版权所有